[Event "DEN-ch Seniors 65"]
[Site "Logumkloster"]
[Date "2020.02.15"]
[Round "7"]
[White "Nielsen, Carsten Juul"]
[Black "Larsen, Arne Walther"]
[Result "1/2-1/2"]
[WhiteElo "1902"]
[BlackElo "1712"]
[PlyCount "45"]
[EventDate "2020.02.09"]
[EventType "swiss"]
[EventRounds "7"]
[EventCountry "DEN"]
[SourceTitle "EXT 2021"]
[Source "ChessBase"]
[SourceDate "2020.10.23"]
[SourceVersion "1"]
[SourceVersionDate "2020.10.23"]
[SourceQuality "1"]

1. d4 Nf6 2. c4 c5 3. d5 b5 4. Qc2 g6 5. e4 d6 6. cxb5 a6 7. Nc3 Bg7 8. Nf3 0-0 9. h3 axb5 10. Bxb5 Ba6 11. 0-0 Qb6 12. a4 Bxb5 13. Nxb5 Na6 14. Nd2 Nc7 15. Nc4 Qb7 16. Nxc7 Qxc7 17. Bd2 Rab8 18. Bc3 Nd7 19. Bxg7 Kxg7 20. a5 Rb4 21. Ra4 Qb7 22. Rfa1 Nb8 23. Nb6 1/2-1/2

[Event "DEN-ch Seniors 50+"]
[Site "Odder"]
[Date "2019.02.11"]
[Round "1"]
[White "Horslund, Mikael"]
[Black "Nielsen, Carsten Juul"]
[Result "0-1"]
[WhiteElo "1696"]
[BlackElo "1913"]
[PlyCount "50"]
[EventDate "2019.02.11"]
[EventType "swiss"]
[EventRounds "7"]
[EventCountry "DEN"]
[SourceTitle "CBM 189 Extra"]
[Source "ChessBase"]
[SourceDate "2019.06.03"]
[SourceVersion "1"]
[SourceVersionDate "2019.06.03"]
[SourceQuality "1"]

1. e4 e5 2. Nf3 Nc6 3. d4 exd4 4. Bc4 Nf6 5. e5 d5 6. Bb5 Ne4 7. 0-0 Bd7 8. Bxc6 bxc6 9. Nxd4 g6 10. Nd2 Nxd2 11. Bxd2 Bg7 12. Bb4 Bf8 13. Bxf8 Kxf8 14. Re1 Qe7 15. Qd2 Kg7 16. Qa5 c5 17. Nb3 c4 18. Nc5 Be6 19. b4 Rhd8 20. c3 d4 21. cxd4 Rxd4 22. Rad1 Rad8 23. Rc1 Bd5 24. h3 Qg5 25. g3 Qh5 0-1

[Event "Skjold Burne Hillerod op"]
[Site "Hillerod"]
[Date "2018.10.16"]
[Round "6"]
[White "Nielsen, Carsten Juul"]
[Black "Damm, Henrik"]
[Result "1/2-1/2"]
[WhiteElo "1878"]
[BlackElo "1583"]
[PlyCount "45"]
[EventDate "2018.09.25"]
[EventType "swiss"]
[EventRounds "7"]
[EventCountry "DEN"]
[SourceTitle "EXT 2020"]
[Source "ChessBase"]
[SourceDate "2019.10.17"]
[SourceVersion "1"]
[SourceVersionDate "2019.10.17"]
[SourceQuality "1"]

1. d4 d5 2. c4 e6 3. Nc3 Be7 4. Bf4 Nf6 5. e3 0-0 6. Bd3 a6 7. Nf3 Nbd7 8. Rc1 dxc4 9. Bxc4 b5 10. Bd3 Bb7 11. 0-0 c5 12. Re1 Rc8 13. a3 cxd4 14. exd4 Nb6 15. Be5 Nc4 16. Bxc4 Rxc4 17. Nd2 Rc8 18. Nce4 Rxc1 19. Qxc1 Nxe4 20. Nxe4 Qc8 21. Nc5 Bd5 22. b4 Qc6 23. f3 1/2-1/2

[Event "Helsingor Xtracon op"]
[Site "Helsingor"]
[Date "2018.07.26"]
[Round "7"]
[White "Poulsen, Knud"]
[Black "Nielsen, Carsten Juul"]
[Result "1-0"]
[WhiteElo "1760"]
[BlackElo "1909"]
[PlyCount "92"]
[EventDate "2018.07.21"]
[EventType "swiss"]
[EventRounds "10"]
[EventCountry "DEN"]
[SourceTitle "CBM 185 Extra"]
[Source "ChessBase"]
[SourceDate "2018.07.29"]
[SourceVersion "1"]
[SourceVersionDate "2018.07.29"]
[SourceQuality "1"]

1. c4 Nf6 2. Nc3 e6 3. a3 b6 4. e4 e5 5. g3 Nc6 6. Bg2 Bc5 7. b4 Bd4 8. Nge2 d6 9. Nxd4 Nxd4 10. h3 0-0 11. 0-0 a5 12. b5 Be6 13. d3 Qc8 14. Kh2 Rb8 15. Be3 c5 16. bxc6 Nxc6 17. Nb5 Ne8 18. g4 Qd7 19. f4 exf4 20. Bxf4 Ne5 21. a4 f6 22. Nd4 Nc7 23. Bg3 Na6 24. Ra3 Nb4 25. Nb5 Rfd8 26. Rg1 Rbc8 27. Bf2 Rb8 28. Bf1 Qb7 29. Rg3 Rbc8 30. Be2 Ng6 31. Qg1 Nf4 32. Bf1 Rb8 33. Nd4 Bd7 34. g5 fxg5 35. Rxg5 Ne6 36. Rg3 g6 37. Nf5 Be8 38. Be1 Rd7 39. Qf2 Bf7 40. Bc3 Kf8 41. Nh6 Nc6 42. Qf6 Ne5 43. Ng4 Nxg4+ 44. hxg4 Qc7 45. Rf3 Ke8 46. Qh8+ Ke7 1-0

[Event "Helsingor Xtracon op"]
[Site "Helsingor"]
[Date "2018.07.22"]
[Round "3"]
[White "Liu, Manli"]
[Black "Nielsen, Carsten Juul"]
[Result "1-0"]
[WhiteElo "2167"]
[BlackElo "1909"]
[PlyCount "59"]
[EventDate "2018.07.21"]
[EventType "swiss"]
[EventRounds "10"]
[EventCountry "DEN"]
[SourceTitle "CBM 185 Extra"]
[Source "ChessBase"]
[SourceDate "2018.07.29"]
[SourceVersion "1"]
[SourceVersionDate "2018.07.29"]
[SourceQuality "1"]

1. e4 e5 2. Nf3 Nc6 3. Bb5 Nge7 4. c3 a6 5. Ba4 d6 6. d4 Bd7 7. Bb3 h6 8. 0-0 Ng6 9. Nbd2 Be7 10. Nc4 0-0 11. Ne3 Kh8 12. h3 Na5 13. Bc2 Bb5 14. Re1 Nc4 15. Nf5 Bd7 16. b3 Nb6 17. a4 Bf6 18. Be3 Nc8 19. Qd2 Bxf5 20. exf5 Nh4 21. Nxh4 Bxh4 22. Bxh6 Bxf2+ 23. Qxf2 gxh6 24. f6 Rg8 25. Qh4 Qf8 26. dxe5 Rg5 27. e6 fxe6 28. Rxe6 Re5 29. Re1 Rxe1+ 30. Rxe1 1-0

[Event "Helsingor Xtracon op"]
[Site "Helsingor"]
[Date "2017.07.28"]
[Round "8"]
[White "Ski, Alexander K"]
[Black "Nielsen, Carsten Juul"]
[Result "1/2-1/2"]
[WhiteElo "1658"]
[BlackElo "1886"]
[PlyCount "31"]
[EventDate "2017.07.22"]
[EventType "swiss"]
[EventRounds "10"]
[EventCountry "DEN"]
[SourceTitle "CBM 179 Extra"]
[Source "ChessBase"]
[SourceDate "2017.08.23"]
[SourceVersion "1"]
[SourceVersionDate "2017.08.23"]
[SourceQuality "1"]

1. e4 e5 2. Bc4 Nc6 3. Nf3 Be7 4. 0-0 Nf6 5. Re1 0-0 6. c3 Nxe4 7. Rxe4 d5 8. Bxd5 Qxd5 9. d3 Bf5 10. Re3 e4 11. Nd4 Nxd4 12. dxe4 Bxe4 13. cxd4 Bxb1 14. Rxb1 Qd6 15. Re1 Bf6 16. Be3 1/2-1/2

[Event "Helsingor Xtracon op"]
[Site "Helsingor"]
[Date "2017.07.26"]
[Round "6"]
[White "Nielsen, Carsten Juul"]
[Black "Madsen, Dennis"]
[Result "1-0"]
[WhiteElo "1886"]
[BlackElo "1671"]
[PlyCount "49"]
[EventDate "2017.07.22"]
[EventType "swiss"]
[EventRounds "10"]
[EventCountry "DEN"]
[SourceTitle "CBM 179 Extra"]
[Source "ChessBase"]
[SourceDate "2017.08.23"]
[SourceVersion "1"]
[SourceVersionDate "2017.08.23"]
[SourceQuality "1"]

1. d4 g6 2. c4 Bg7 3. Nc3 d6 4. Nf3 Nh6 5. e4 0-0 6. Be3 f5 7. Qd2 Ng4 8. Bf4 Nc6 9. h3 fxe4 10. hxg4 exf3 11. Be3 Bxg4 12. g3 e5 13. d5 Nd4 14. 0-0-0 Rf5 15. Rh4 Bh5 16. Bd3 Rf7 17. Ne4 Nf5 18. Bg5 Bh6 19. Rxh5 gxh5 20. Bxh6 Nxh6 21. Qxh6 Qe7 22. Rh1 Rf5 23. Rxh5 Rxh5 24. Qxh5 Rf8 25. Ng5 1-0

[Event "Helsingor Xtracon op"]
[Site "Helsingor"]
[Date "2017.07.23"]
[Round "2"]
[White "Nielsen, Carsten Juul"]
[Black "Hansen, Anders1111"]
[Result "1/2-1/2"]
[WhiteElo "1886"]
[BlackElo "1624"]
[PlyCount "113"]
[EventDate "2017.07.22"]
[EventType "swiss"]
[EventRounds "10"]
[EventCountry "DEN"]
[SourceTitle "CBM 179 Extra"]
[Source "ChessBase"]
[SourceDate "2017.08.23"]
[SourceVersion "1"]
[SourceVersionDate "2017.08.23"]
[SourceQuality "1"]

1. d4 Nf6 2. c4 g6 3. Nc3 Bg7 4. e4 d6 5. Bd3 0-0 6. Nge2 Nc6 7. f3 Rb8 8. Be3 b6 9. a3 e6 10. 0-0 Bb7 11. b4 a6 12. Rc1 Ne7 13. d5 exd5 14. cxd5 c6 15. dxc6 Nxc6 16. b5 axb5 17. Nxb5 d5 18. Bf4 dxe4 19. fxe4 Ng4 20. Bxb8 Qxb8 21. Rf4 h5 22. g3 Bh6 23. Bc4 Nce5 24. Qd6 Bxf4 25. gxf4 Nxc4 26. Rxc4 Rd8 27. Qxb8 Rxb8 28. Nec3 Rc8 29. Rxc8+ Bxc8 30. Nd5 Bb7 31. Nbc3 Kg7 32. Nxb6 Kf6 33. Nbd5+ Ke6 34. h3 Nf6 35. Nxf6 Kxf6 36. a4 Ke6 37. Kf2 f6 38. Ne2 Bxe4 39. Ke3 Ba8 40. h4 Kf5 41. Nd4+ Kg4 42. Ne6 Kxh4 43. Nf8 g5 44. Nh7 g4 45. Nxf6 g3 46. f5 g2 47. Kf2 Kg5 48. Ne8 h4 49. f6 Kg6 50. Nc7 Bc6 51. Ne6 Kxf6 52. Nf4 g1Q+ 53. Kxg1 Kg5 54. Ne6+ Kg4 55. Kh2 Bxa4 56. Nc5 Bb5 57. Ne4 1/2-1/2

[Event "Helsingor Xtracon op"]
[Site "Helsingor"]
[Date "2017.07.22"]
[Round "1"]
[White "Kollars, Dmitrij"]
[Black "Nielsen, Carsten Juul"]
[Result "1-0"]
[WhiteElo "2510"]
[BlackElo "1886"]
[PlyCount "41"]
[EventDate "2017.07.22"]
[EventType "swiss"]
[EventRounds "10"]
[EventCountry "DEN"]
[SourceTitle "CBM 179 Extra"]
[Source "ChessBase"]
[SourceDate "2017.08.23"]
[SourceVersion "1"]
[SourceVersionDate "2017.08.23"]
[SourceQuality "1"]

1. e4 e5 2. Nf3 Nc6 3. Bb5 Nge7 4. c3 g6 5. d4 exd4 6. cxd4 Bg7 7. d5 Ne5 8. Nxe5 Bxe5 9. Nc3 a6 10. Ba4 b5 11. Bb3 0-0 12. 0-0 c5 13. dxc6 Nxc6 14. f4 Bd4+ 15. Kh1 Qe7 16. Nd5 Qc5 17. Bd2 Bg7 18. Be3 Bd4 19. Rc1 Qa7 20. Rxc6 Bxe3 21. Rc7 1-0

[Event "Copenhagen Challenge"]
[Site "Ballerup"]
[Date "2017.05.13"]
[Round "6"]
[White "Steenstrup, Svend"]
[Black "Nielsen, Carsten Juul"]
[Result "0-1"]
[WhiteElo "1916"]
[BlackElo "1897"]
[PlyCount "76"]
[EventDate "2017.05.10"]
[EventType "swiss"]
[EventRounds "9"]
[EventCountry "DEN"]
[SourceTitle "CBM 178 Extra"]
[Source "ChessBase"]
[SourceDate "2017.06.22"]
[SourceVersion "1"]
[SourceVersionDate "2017.06.22"]
[SourceQuality "1"]

1. d4 Nf6 2. c4 e6 3. Nf3 b6 4. e3 Bb7 5. Bd3 c5 6. Nc3 d6 7. b3 Be7 8. Bb2 0-0 9. Qc2 Nc6 10. a3 cxd4 11. exd4 d5 12. cxd5 exd5 13. 0-0 g6 14. Rfe1 Nh5 15. Qd2 Bf6 16. g4 Ng7 17. Ne2 Qd7 18. Qf4 Bd8 19. Ne5 Nxe5 20. dxe5 Ne6 21. Qg3 f6 22. exf6 Bxf6 23. Bxf6 Rxf6 24. f4 Nc5 25. Bc2 Raf8 26. Red1 Ba6 27. g5 R6f7 28. Nc3 Bb7 29. b4 Ne6 30. f5 gxf5 31. Qe5 Nxg5 32. Rd3 Rg7 33. Kf1 f4 34. Nxd5 Ba6 35. Nf6+ Rxf6 36. Kf2 Bxd3 37. Bb3+ Kh8 38. Qxf6 Ne4+ 0-1

[Event "Copenhagen Challenge"]
[Site "Ballerup"]
[Date "2017.05.12"]
[Round "4"]
[White "Stage Steffensen, Sander"]
[Black "Nielsen, Carsten Juul"]
[Result "1-0"]
[WhiteElo "1952"]
[BlackElo "1897"]
[PlyCount "57"]
[EventDate "2017.05.10"]
[EventType "swiss"]
[EventRounds "9"]
[EventCountry "DEN"]
[SourceTitle "CBM 178 Extra"]
[Source "ChessBase"]
[SourceDate "2017.06.22"]
[SourceVersion "1"]
[SourceVersionDate "2017.06.22"]
[SourceQuality "1"]

1. e4 e5 2. Nf3 Nc6 3. Bc4 Nf6 4. Nc3 Nxe4 5. Nxe4 d5 6. Bd3 dxe4 7. Bxe4 Bd6 8. d4 Nxd4 9. Nxd4 exd4 10. Qxd4 0-0 11. Be3 Qe7 12. 0-0-0 Re8 13. f3 Be5 14. Qd3 g6 15. h4 Be6 16. Qb5 Bxa2 17. h5 c6 18. Qa4 Bd5 19. hxg6 hxg6 20. Bxd5 cxd5 21. Bd4 Qf6 22. Kb1 Bxd4 23. Rxd4 Re2 24. Rh2 Re1+ 25. Ka2 Rc8 26. Rdh4 Rc6 27. Rh8+ Qxh8 28. Rxh8+ Kxh8 29. Qh4+ 1-0

[Event "Copenhagen Challenge"]
[Site "Ballerup"]
[Date "2017.05.10"]
[Round "1"]
[White "Nielsen, Carsten Juul"]
[Black "Lokander, Martin"]
[Result "0-1"]
[WhiteElo "1897"]
[BlackElo "2333"]
[PlyCount "52"]
[EventDate "2017.05.10"]
[EventType "swiss"]
[EventRounds "9"]
[EventCountry "DEN"]
[SourceTitle "CBM 178 Extra"]
[Source "ChessBase"]
[SourceDate "2017.06.22"]
[SourceVersion "1"]
[SourceVersionDate "2017.06.22"]
[SourceQuality "1"]

1. d4 Nf6 2. c4 g6 3. Nc3 Bg7 4. e4 0-0 5. Bd3 d6 6. Nge2 c5 7. dxc5 dxc5 8. 0-0 Nc6 9. Ng3 Be6 10. Nd5 Nd4 11. Rb1 b5 12. b3 Bd7 13. Bf4 Rc8 14. Qd2 Ng4 15. Ne2 e6 16. Ne3 Ne5 17. Nxd4 Nxd3 18. Qxd3 cxd4 19. Ng4 bxc4 20. bxc4 Qh4 21. h3 h5 22. Bg3 Qg5 23. f4 Qc5 24. Ne5 Ba4 25. Rb7 Bc6 26. Nd7 Qe7 0-1

[Event "DEN-ch G5-2A"]
[Site "Skorping"]
[Date "2017.04.13"]
[Round "1"]
[White "Nielsen, Carsten Juul"]
[Black "Jepsen, Thomas Tange"]
[Result "1/2-1/2"]
[WhiteElo "1909"]
[BlackElo "2080"]
[PlyCount "61"]
[EventDate "2017.04.13"]
[EventType "swiss"]
[EventRounds "5"]
[EventCountry "DEN"]
[SourceTitle "EXT 2018"]
[Source "ChessBase"]
[SourceDate "2017.10.13"]
[SourceVersion "1"]
[SourceVersionDate "2017.10.13"]
[SourceQuality "1"]

1. d4 d5 2. c4 c6 3. Nc3 Nf6 4. Nf3 a6 5. e3 b5 6. cxd5 cxd5 7. Bd3 Bg4 8. a3 Nc6 9. h3 Bxf3 10. Qxf3 e5 11. dxe5 Nxe5 12. Qf5 Bd6 13. Be2 0-0 14. 0-0 Qc8 15. Qxc8 Raxc8 16. Rd1 Rfd8 17. Nxd5 Ne4 18. Bf3 Nxf3+ 19. gxf3 Ng5 20. Kg2 Ne6 21. e4 Rc2 22. Rb1 Rdc8 23. Be3 R8c6 24. f4 f6 25. Rbc1 Kf7 26. Rxc2 Rxc2 27. Rd2 Rc4 28. f3 Bc5 29. f5 Nd4 30. Bxd4 Rxd4 31. Rxd4 1/2-1/2

[Event "Farum Fureso op"]
[Site "Farum"]
[Date "2016.09.24"]
[Round "3"]
[White "Nielsen, Carsten Juul"]
[Black "Jorgensen, Orla Eilegaard"]
[Result "0-1"]
[WhiteElo "1931"]
[BlackElo "1709"]
[PlyCount "102"]
[EventDate "2016.09.23"]
[EventType "swiss"]
[EventRounds "4"]
[EventCountry "DEN"]
[SourceTitle "EXT 2024"]
[Source "ChessBase"]
[SourceDate "2023.10.10"]
[SourceVersion "1"]
[SourceVersionDate "2023.10.10"]
[SourceQuality "1"]

1. d4 d5 2. c4 e6 3. Nc3 Nf6 4. Bg5 c6 5. e3 Bb4 6. a3 Bxc3+ 7. bxc3 dxc4 8. Bxf6 Qxf6 9. Bxc4 0-0 10. f4 Nd7 11. Nf3 Nb6 12. Bb3 Nd5 13. Qd2 Rd8 14. 0-0 b6 15. Ne5 Bb7 16. Bc2 Rac8 17. Rf3 c5 18. Be4 cxd4 19. cxd4 Rc7 20. Rh3 g6 21. Ng4 Qg7 22. Bd3 Rdc8 23. Ne5 Nf6 24. Nf3 Be4 25. Ng5 Bxd3 26. Qxd3 Rc3 27. Qb1 Qf8 28. e4 Rc1+ 29. Qxc1 Rxc1+ 30. Rxc1 h6 31. e5 Nd5 32. Ne4 Nxf4 33. Re3 Qd8 34. Nf6+ Kg7 35. d5 Nxd5 36. Nxd5 exd5 37. Rd3 Qe7 38. Rxd5 Qxa3 39. Rcd1 Qe3+ 40. Kh1 a5 41. Rf1 Qe2 42. Kg1 Qe3+ 43. Kh1 Qb3 44. Rd6 h5 45. e6 fxe6 46. Rd7+ Kh6 47. h4 Qc4 48. Rf3 Qxh4+ 49. Kg1 Qe1+ 50. Kh2 Qe5+ 51. g3 Qe2+ 0-1

[Event "Helsingor Xtracon op"]
[Site "Helsingor"]
[Date "2016.07.31"]
[Round "10"]
[White "Nielsen, Carsten Juul"]
[Black "Nielsen, Jorgen Kamp"]
[Result "1/2-1/2"]
[WhiteElo "1939"]
[BlackElo "1727"]
[PlyCount "30"]
[EventDate "2016.07.23"]
[EventType "swiss"]
[EventRounds "10"]
[EventCountry "DEN"]
[SourceTitle "CBM 173 Extra"]
[Source "ChessBase"]
[SourceDate "2016.08.29"]
[SourceVersion "1"]
[SourceVersionDate "2016.08.29"]
[SourceQuality "1"]

1. d4 Nf6 2. c4 c5 3. d5 e5 4. Nc3 d6 5. Qc2 Be7 6. e3 Nbd7 7. Bd3 Nf8 8. Nge2 Ng6 9. Bd2 a6 10. h4 e4 11. Nxe4 Nxe4 12. Bxe4 Nxh4 13. Bc3 f5 14. Rxh4 Bxh4 15. Bxf5 Rf8 1/2-1/2

[Event "Helsingor Xtracon op"]
[Site "Helsingor"]
[Date "2016.07.28"]
[Round "7"]
[White "Nielsen, Jan Mose"]
[Black "Nielsen, Carsten Juul"]
[Result "1-0"]
[WhiteElo "2110"]
[BlackElo "1939"]
[PlyCount "49"]
[EventDate "2016.07.23"]
[EventType "swiss"]
[EventRounds "10"]
[EventCountry "DEN"]
[SourceTitle "CBM 173 Extra"]
[Source "ChessBase"]
[SourceDate "2016.08.29"]
[SourceVersion "1"]
[SourceVersionDate "2016.08.29"]
[SourceQuality "1"]

1. e4 c5 2. c3 Nf6 3. e5 Nd5 4. d4 cxd4 5. cxd4 d6 6. Nf3 Nc6 7. Bc4 dxe5 8. dxe5 e6 9. 0-0 Be7 10. Qe2 Nb6 11. Rd1 Qc7 12. Bb3 Nd7 13. Nc3 a6 14. Bf4 Nf8 15. Rac1 Ng6 16. Be3 0-0 17. Bd4 Rd8 18. Qc4 Qa5 19. Be3 Ncxe5 20. Qe4 Nxf3+ 21. Qxf3 Qc7 22. Nd5 Qd6 23. Bc5 Qxc5 24. Rxc5 Bxc5 25. Nf6+ 1-0

[Event "Politiken Cup 37th"]
[Site "Helsingor"]
[Date "2015.07.31"]
[Round "8"]
[White "Eriksson, Kristian"]
[Black "Nielsen, Carsten Juul"]
[Result "1/2-1/2"]
[WhiteElo "2164"]
[BlackElo "2023"]
[PlyCount "71"]
[EventDate "2015.07.25"]
[EventType "swiss"]
[EventRounds "10"]
[EventCountry "DEN"]
[SourceTitle "CBM 167 Extra"]
[Source "ChessBase"]
[SourceDate "2015.09.14"]
[SourceVersion "1"]
[SourceVersionDate "2015.09.14"]
[SourceQuality "1"]

1. e4 c5 2. Nf3 Nf6 3. Nc3 d5 4. exd5 Nxd5 5. Ne5 e6 6. Bb5+ Nd7 7. Nxd5 exd5 8. Qf3 Qe7 9. Qxd5 f6 10. Bxd7+ Bxd7 11. Qxd7+ Qxd7 12. Nxd7 Kxd7 13. d3 Bd6 14. Be3 Rhe8 15. 0-0-0 Re6 16. g3 f5 17. d4 c4 18. c3 a6 19. Rde1 Rae8 20. Bd2 f4 21. Kd1 g5 22. g4 Rh6 23. Rxe8 Kxe8 24. Ke2 Kd7 25. h3 Ke6 26. f3 Kd5 27. Kf2 Be7 28. Re1 Re6 29. Rxe6 Kxe6 30. h4 h6 31. h5 Kd5 32. Ke2 b5 33. Kd1 a5 34. Kc2 a4 35. Be1 Bd6 36. a3 1/2-1/2

[Event "Politiken Cup 29th"]
[Site "Copenhagen"]
[Date "2007.07.22"]
[Round "3"]
[White "Nielsen, Carsten Juul"]
[Black "Hagen, Andreas Skytte"]
[Result "0-1"]
[WhiteElo "2120"]
[BlackElo "2241"]
[PlyCount "60"]
[EventDate "2007.07.21"]
[EventType "swiss"]
[EventRounds "10"]
[EventCountry "DEN"]
[SourceTitle "CBM 119 Extra"]
[Source "ChessBase"]
[SourceDate "2007.09.04"]
[SourceVersion "1"]
[SourceVersionDate "2007.09.04"]
[SourceQuality "1"]

1. d4 e6 2. Nf3 Nf6 3. Bf4 c5 4. e3 Be7 5. c3 b6 6. Be2 Bb7 7. 0-0 0-0 8. Qb3 cxd4 9. exd4 d6 10. a4 Nbd7 11. Rd1 Nh5 12. Be3 Qc7 13. Na3 a6 14. Ne1 Nhf6 15. Bf3 Bxf3 16. Nxf3 d5 17. Rac1 Qb7 18. Ne5 Nxe5 19. dxe5 Nd7 20. Bd4 Nc5 21. Qc2 b5 22. a5 Rfc8 23. b4 Ne4 24. Qd3 f6 25. f3 fxe5 26. fxe4 exd4 27. Qxd4 dxe4 28. Nb1 Bf6 29. Qe3 Qa7 30. Qb6 Bg5 0-1